000 00672nam a2200229Ia 4500
003 OSt
005 20220927105216.0
006 a|||||r|||| 00| 0
007 ta
008 220926b |||||||| |||| 00| 0 eng d
020 _a8174840737
024 _a187039
037 _cReference Collections
040 _aRTL
_cRTL
_beng
041 _2eng
_aeng
082 _a"U2884p2,po3, P3"
245 0 _a"National seminar on disaster management and mitigation June 20-21, 2003"
260 _aNew
_bDelhi Phoenix Publishing house ltd. India
_c2003
300 _a"xi, 380p"
_ccm.
942 _h"U2884p2,po3, P3"
_cCC
999 _c691214
_d691214